000 00767nam a2200253Ia 4500
003 OSt
005 20220918200949.0
006 a|||||r|||| 00| 0
007 ta
008 220917b |||||||| |||| 00| 0 eng d
024 _a91,014
037 _cTextual
040 _aARTS
_cARTS
_beng
041 _2eng
_aeng
082 _aVv63p1N77, M0 (906)
110 _aMeeting on teh historiography of southern Africa (Gaborne)
_996202
245 0 _aProceedings
260 _aparis
_bUnesco
_c1980
490 _aGernal history of Africa: astudies and diocuments; 4
650 _aHISTORY
700 _aMeeting on teh historiography of southern Africa (Gaborne)
_996203
942 _hVv63p1N77, M0 (906)
_cTEXL
_2CC
999 _c214674
_d214674